000
00304nam a2200133Ia 4500
005
20260328101445.0
008
260328s9999||||xx |||||||||||||| ||und||
100
_a
Andronikos, Manolis
245
0
_a
Olympia /
_c
Manolis Andronikos
260
_b
Athenon
300
_a
80 p.
650
_a
ARTE
942
_c
BK
999
_c
8440
_d
8440